Pays avec la lettre H - Statistiques

Statistiques générales
  • Ce quiz a été pris 950 fois
  • Le résultat moyen est 16 sur 27
Statistiques - réponses
Réponses % Correct
Honduras
92%
Hongrie
90%
Chine
80%
Haiti
73%
Afghanistan
70%
Chili
65%
Kazakhstan
63%
Thaïlande
63%
Bhoutan
60%
Bahreïn
58%
Kirghizistan
57%
Chypre
56%
Ghana
56%
Philippines
55%
Autriche
51%
Bahamas
51%
République tchèque
51%
Bosnie-Herzégovine
50%
Erythrée
50%
Ethiopie
50%
Liechtenstein
50%
Seychelles
49%
Bangladesh
48%
Tchad
47%
Saint-Christophe-et-Niévès
45%
Lesotho
44%
Îles Marshall
39%
Aucun quiz correspondant
Distribution des résultats
% des personnes avec chaque résultat
Percentile par nombre de réponses
Votre historique - résultats
Vous n’avez pas pris ce quiz